| 000 | 00435nam a2200157 i 4500 | ||
|---|---|---|---|
| 001 | 60102 | ||
| 003 | ES-MaACL | ||
| 005 | 20230906164145.0 | ||
| 007 | t| | ||
| 008 | 031103s1935 sp ||||1| cat d | ||
| 100 | 1 |
_aEsclasans, Agustín. _947545 |
|
| 245 | 1 | 0 |
_aEsclasans _b: ritmes : (llibre VIII) / _cAgustín Esclasans. |
| 260 |
_aBarcelona : _b[s.n., _c1935] ( _fDurand) |
||
| 300 |
_a121 p. ; _c19 cm. |
||
| 852 |
_aES-MaACL _jA-3931 |
||
| 999 |
_c60102 _d60102 |
||